Các thể loại báo chí thông tấn
Sách đề cập những vấn đề chung thể loại báo chí, tin, phỏng vấn, tường thuật.
Αποθηκεύτηκε σε:
| Κύριος συγγραφέας: | |
|---|---|
| Μορφή: | Βιβλίο |
| Γλώσσα: | Vietnamese |
| Έκδοση: |
H.
Đại học Quốc gia Hà Nội
2011
|
| Έκδοση: | In lần thứ 3 |
| Θέματα: | |
| Ετικέτες: |
Προσθήκη ετικέτας
Δεν υπάρχουν, Καταχωρήστε ετικέτα πρώτοι!
|
| Thư viện lưu trữ: | Thư viện Trường Đại học Nam Cần Thơ |
|---|
| LEADER | 01215nam a22002297a 4500 | ||
|---|---|---|---|
| 001 | NCT_61136 | ||
| 008 | 190308b xxu||||| |||| 00| 0 vie d | ||
| 999 | |c 2963 |d 2963 | ||
| 020 | |a 9786046205128 |c 52500 | ||
| 082 | 0 | 4 | |2 23rd ed. |a 070.4 |b H561 |
| 100 | 1 | |a Đinh Văn Hường | |
| 245 | 1 | 0 | |a Các thể loại báo chí thông tấn |c Đinh Văn Hường |
| 250 | |a In lần thứ 3 | ||
| 260 | |a H. |b Đại học Quốc gia Hà Nội |c 2011 | ||
| 300 | |a 398 tr. |c 21cm | ||
| 520 | 3 | |a Sách đề cập những vấn đề chung thể loại báo chí, tin, phỏng vấn, tường thuật. | |
| 653 | |a Quan hệ công chúng (PR) | ||
| 942 | |2 ddc |c BK | ||
| 952 | |0 0 |1 0 |2 ddc |4 0 |6 070_400000000000000_H561 |7 0 |9 16036 |a 000001 |b 000001 |d 2019-03-08 |o 070.4 H561 |p MD.14928 |r 2019-03-08 |v 52500.00 |w 2019-03-08 |y BK | ||
| 952 | |0 0 |1 0 |2 ddc |4 0 |6 070_400000000000000_H561 |7 0 |9 16037 |a 000001 |b 000001 |d 2019-03-08 |o 070.4 H561 |p MD.14929 |r 2019-03-08 |v 52500.00 |w 2019-03-08 |y BK | ||
| 952 | |0 0 |1 0 |2 ddc |4 0 |6 070_400000000000000_H561 |7 0 |9 16038 |a 000001 |b 000001 |d 2019-03-08 |o 070.4 H561 |p MD.14930 |r 2019-03-08 |v 52500.00 |w 2019-03-08 |y BK | ||
| 980 | |a Thư viện Trường Đại học Nam Cần Thơ | ||


